Red de bibliotecas populares / María A. Cot Miralpeix
Publicado:
San Jorge, núm. 81 ( 1r trimestre 1971), pàg 64 - 72 :
MARC
| LEADER | 00000nam a2200000Ia 4500 | ||
|---|---|---|---|
| 001 | |||
| 008 | 160829s9999 xx 000 0 cat d | ||
| 100 | |a Cot Miralpeix, Maria Antonieta |9 41693 | ||
| 245 | |a Red de bibliotecas populares / María A. Cot Miralpeix | ||
| 260 | |a San Jorge, núm. 81 ( 1r trimestre 1971), pàg 64 - 72 | ||
| 590 | |a Conté 15 fotografies | ||
| 650 | |a Biblioteques públiques |x Barcelona (Província) |x Història |9 41694 | ||
| 901 | |a Arxiu | ||
| 942 | |n 1 | ||
| 952 | |0 0 |1 0 |4 0 |7 1 |9 50751 |a Arxiu |b Arxiu |d 2016-12-01 |l 0 |r 2016-12-01 00:00:00 |w 2016-12-01 |y ARXIU | ||
| 999 | |c 54593 |d 54593 | ||